Football Teams Adil Rami Played For - Statistics

General Stats
  • This quiz has been taken 26 times
  • The average score is 6 of 11
Answer Stats
League Years Team % Correct
Spain 2015-2017 Sevilla FC
86%
Italy 2014-2015 AC Milan
81%
France 2017-2019 Olympique de Marseille
81%
France 2007-2011 LOSC Lille
67%
France 2006-2007 LOSC Lille B
67%
Spain 2011-2014 Valencia CF
67%
France 2021-2023 ESTAC Troyes
48%
Turkey 2019-2020 Fenerbahçe SK
48%
Portugal 2020-2021 Boavista FC
38%
Russia 2020 FK Sochi
33%
France 2003-2006 Fréjus-Saint-Raphaël FC
24%
No matching quizzes found
Score Distribution
Percent of People with Each Score
Percentile by Number Answered
Your Score History
You have not taken this quiz